000 01091nam a2200277 a 4500
001 ebr10416256
003 CaPaEBR
006 m u
007 cr cn|||||||||
008 101015s2010 ii c sb 000 0 eng d
020 _z9789350243527
040 _aCaPaEBR
_cCaPaEBR
035 _a(OCoLC)696298011
050 1 4 _aHD30.4
_b.T46 2010eb
100 1 _aThomaskutty, C. S.
245 1 0 _aManagement training and development
_h[electronic resource] :
_ban evaluation /
_cC.S. Thomaskutty.
250 _aRev. ed.
260 _aMumbai [India] :
_bHimalaya Pub. House,
_c2010.
300 _a144 p. :
_bports.
504 _aIncludes bibliographical references (p. [139]-144).
533 _aElectronic reproduction.
_bPalo Alto, Calif. :
_cebrary,
_d2010.
_nAvailable via World Wide Web.
_nAccess may be limited to ebrary affiliated libraries.
650 0 _aExecutives
_xTraining of.
655 7 _aElectronic books.
_2local
710 2 _aebrary, Inc.
856 4 0 _uhttp://site.ebrary.com/lib/rucke/Doc?id=10416256
_zAn electronic book accessible through the World Wide Web; click to view
999 _c84243
_d84243